The early history of eastern India : (Record no. 136539)

MARC details
000 -LEADER
fixed length control field 00719nam a22002177a 4500
010 ## - LIBRARY OF CONGRESS CONTROL NUMBER
LC control number A-710263
020 ## - INTERNATIONAL STANDARD BOOK NUMBER
International Standard Book Number 8185320101
Terms of availability 300.00
035 ## - SYSTEM CONTROL NUMBER
System control number A-710263
037 ## - SOURCE OF ACQUISITION
Source of stock number/acquisition Cen Lib / Ret
040 ## - CATALOGING SOURCE
Original cataloging agency DPL
Language of cataloging EN
082 ## - DEWEY DECIMAL CLASSIFICATION NUMBER
Classification number 954.5
Item number PAU
100 ## - MAIN ENTRY--PERSONAL NAME
Personal name Paul, Promode Lal
245 ## - TITLE STATEMENT
Title The early history of eastern India :
Remainder of title (from the earliest time to the Muslim conquest) /
Statement of responsibility, etc by Promode Lal Paul ; Forwarded by R. C. Majumdar
260 ## - PUBLICATION, DISTRIBUTION, ETC. (IMPRINT)
Place of publication, distribution, etc Delhi
Name of publisher, distributor, etc Sharada Prakasahn
Date of publication, distribution, etc 1990
270 ## - ADDRESS
Address E-239, Shastri Nagar
City Delhi
Postal code 110052
300 ## - PHYSICAL DESCRIPTION
Extent v 1. 158p
Other physical details 24cm(Hb)
650 ## - SUBJECT ADDED ENTRY--TOPICAL TERM
Topical term or geographic name as entry element Bengal (India) -- History.
650 ## - SUBJECT ADDED ENTRY--TOPICAL TERM
Topical term or geographic name as entry element India -- Bengal.
700 ## - ADDED ENTRY--PERSONAL NAME
Personal name Majumdar, R. C.
942 ## - ADDED ENTRY ELEMENTS (KOHA)
Source of classification or shelving scheme Dewey Decimal Classification
Koha item type English Books
Classification part 954.5
Call number suffix PAU
Holdings
Withdrawn status Lost status Source of classification or shelving scheme Materials specified (bound volume or other part) Damaged status Not for loan Home library Current library Date acquired Source of acquisition Cost, normal purchase price Total Checkouts Full call number Barcode Date last seen Copy number Cost, replacement price Price effective from Koha item type
    Dewey Decimal Classification v 1     Central Library Central Library 04/03/2016 Cen Lib/Ret 300.00   954.5 PAU A-710263 04/03/2016 1 300.00 04/03/2016 English Books

© Delhi Public Library
Hit Counter
free hit counter